000 00650nam a22002537a 4500
003 UA-OsUOA
001 25337
007 ta
008 20040401b un ||||| |||| 00| 0 ukr d
100 _aГидденс Э.
090 _a316.3
_bГ46
942 _cBK
040 _aUA-OsUOA
_brus
_cUA-OsUOA
_dUA-OsUOA
245 _aУстроение общества: Очерк теории структурации
300 _a528 с.
955 _a0
041 _arus
080 _a316.3
020 _a5-8291-0332-3
260 _aМосква
_bАкадемический проект
_c2003
044 _aRU
650 7 _2UDC
999 _c311630
_d311630